[Event "Thessaloniki op 1st"]
[Site "Thessaloniki"]
[Date "2022.08.07"]
[Round "6"]
[White "Mitrandzas, Athanasios"]
[Black "Karanikas, Harilaos"]
[Result "1-0"]
[WhiteElo "2071"]
[BlackElo "1843"]
[PlyCount "69"]
[EventDate "2022.08.03"]
[EventType "swiss"]
[EventRounds "9"]
[EventCountry "GRE"]
[SourceTitle "CBM 209 Extra"]
[Source "ChessBase"]
[SourceDate "2022.09.30"]
[SourceVersion "1"]
[SourceVersionDate "2022.09.30"]
[SourceQuality "1"]

1. c4 e5 2. g3 Nc6 3. Bg2 f5 4. Nc3 Nf6 5. Nf3 e4 6. Nh4 d5 7. cxd5 Nxd5 8. Bh3 Bc5 9. Bxf5 0-0 10. Nxe4 Bxf5 11. Nxf5 Rxf5 12. Nxc5 Qe7 13. d4 b6 14. Nb3 Raf8 15. 0-0 Qe6 16. e3 Nf6 17. Qe2 a5 18. Bd2 a4 19. Nc1 Ne4 20. Nd3 Rf3 21. Rac1 Ng5 22. Rxc6 Qxc6 23. Ne5 Qh6 24. e4 Qh5 25. Qc4+ Kh8 26. Bxg5 Qxg5 27. Nxf3 Rxf3 28. e5 h5 29. Qxc7 Qg4 30. d5 Kh7 31. e6 h4 32. Qc2+ Rf5 33. e7 Qf3 34. e8Q h3 35. Qce4 1-0